000 01168nam a2200325 i 4500
001 196847
003 ES-MaREB
005 20250110063046.0
007 ta
008 250108s1971 sp || |||| 0|spa c
017 _aM 27381-1971
035 _aES-VlRAB001818031
035 _aCCBIP01307480
040 _aRABEL
_bspa
_cES-MaACL
080 _a745.52:061.5(460.27 M.)Fábr. de Tapices(091)
100 1 _aIparaguirre, Enrique.
_9239426
245 1 0 _aReal Fábrica de Tapices, 1721-1971 /
_cEnrique Iparaguirre, Carlos Dávila.
260 _a[Madrid] :
_b[Real Fábrica de Tapices],
_cD.L. 1971.
300 _a128 p., [38] p. de lám. ;
_c27 cm.
336 _2rdacontent
_atexto
337 _2rdamedia
_asin mediación
338 _2rdacarrier
_avolumen
610 0 _aReal Fábrica de Tapices de Santa Bárbara-
_9220138
_xHistoria
700 1 _aDávila, Carlos
_9148430
852 _aES-MaACL
_jG-16003
_cDEPO2
_hLegado: Juan Antonio Porto
_9204498
903 _993285
_aPorto, Juan Antonio,
_d1937-2021
_ednr
942 _n0
_cMONOGRAFIA
999 _c196847
_d196847